00493nam a2200193 a 4500001001300000003000900013005001700022008004100039020001100080082001600091100002000107245001900127260003200146300000900178500003500187505003700222650002000259700002000279nice12345678IN_TiNIC20260116012747.0050524s1980 lona grp 000 0 eng  ac90.500a398.56bBUR aBurckhardt, J L aArabic Proverb aLondonbCurzon Press c1980 a283p aincludes index and biblioraphy2 aIshaat-E-Islam Trust Pub. No.469 aProverbs-Arabic1 aBurckhardt, J L